00597nam a2200205Ia 4500008004100000020001800041082002600059100002900085100003100114100003100145245006700176260005100243260001800294260000900312300000900321500000800330650001000338650001900348650002400367260428s9999 xx 000 0 und d a9789567684342 a342.25 V945c 2021 HNA aBravo, Nicolás, editor aSilva, Ana María, editor avon Baer, Heinrich, editor 0aNueva constitución: descentralización con participación. aFundación Chile Descentralizado Desarrollado bTemuco, Chile c2021 a53p. aHNA aChile aConstitución aDescentralización